Introduction to Evolutionary Computing

Springernature.com

Shranjeno v:
Bibliografske podrobnosti
Glavni avtor: Eiben, A.E
Drugi avtorji: Smith, J.E
Format: Knjiga
Jezik:Undetermined
Izdano: Springer 2015
Teme:
Online dostop:http://lrc.tdmu.edu.vn/opac/search/detail.asp?aID=2&ID=40073
Oznake: Označite
Brez oznak, prvi označite!
Thư viện lưu trữ: Trung tâm Học liệu Trường Đại học Thủ Dầu Một
LEADER 00649nam a2200193Ia 4500
001 TDMU_40073
008 210410s9999 xx 000 0 und d
082 |a 372.11 
100 |a Eiben, A.E 
245 0 |a Introduction to Evolutionary Computing 
245 0 |c A.E. Eiben, J.E. Smith 
260 |b Springer 
260 |c 2015 
300 |a 287Pages 
520 |a Springernature.com 
650 |a Evolutionary Computing  |x Evolutionary Algorithm  |x Introduction; Khoa học máy tính 
700 |a Smith, J.E 
856 |u http://lrc.tdmu.edu.vn/opac/search/detail.asp?aID=2&ID=40073 
980 |a Trung tâm Học liệu Trường Đại học Thủ Dầu Một